Clinical Urology Illustrated (Record no. 152650)
[ view plain ]
| 000 -LEADER | |
|---|---|
| fixed length control field | 00270nam a2200109Ia 4500 |
| 008 - FIXED-LENGTH DATA ELEMENTS--GENERAL INFORMATION | |
| fixed length control field | 230411s9999 xx 000 0 und d |
| 041 ## - LANGUAGE CODE | |
| Language code of text/sound track or separate title | eng |
| 082 ## - DEWEY DECIMAL CLASSIFICATION NUMBER | |
| Classification number | MS/616.6/BRO/B01330 |
| 100 ## - MAIN ENTRY--PERSONAL NAME | |
| Personal name | Brown R |
| 9 (RLIN) | 111025 |
| 245 ## - TITLE STATEMENT | |
| Title | Clinical Urology Illustrated |
| Withdrawn status | Lost status | Damaged status | Not for loan | Collection code | Home library | Current library | Date acquired | Vendor | Cost, normal purchase price | Total Checkouts | Full call number | Barcode | Date last seen | Cost, replacement price | Bill Date | Koha item type | Original Barcode |
|---|---|---|---|---|---|---|---|---|---|---|---|---|---|---|---|---|---|
| MS | Smt. Bakul Tambat Institute of Nursing Education | Smt. Bakul Tambat Institute of Nursing Education | 20/03/2003 | British Library | 150.00 | MS 616.6 BRO B01330 | BTIN-BK-1330 | 11/04/2023 | 150.00 | 20/03/2003 | Books | B01330 |